000 00512nam a2200193Ia 4500
005 20250508160942.0
008 008 250505s9999 xx 000 0 eng d
037 _aTextual
040 _aFEDL
_beng
_cFEDL
041 _aeng
_2eng
084 _a170, DAS
_qFEDL
100 _aDas B. G.
245 0 _aHindu ethics
260 _aNew Delhi, India
_bOriental Publishers and Distributors
_c1976
300 _aviii,149p.
650 _aEthics
942 _cTEXL
_h170, DAS
999 _c1367581
_d1367581